| 000 | 00734nam a22002532a 4500 | ||
|---|---|---|---|
| 999 |
_c5579 _d5579 |
||
| 001 | 5579 | ||
| 003 | UkOxU | ||
| 005 | 20180404175401.0 | ||
| 008 | 500101s1968 enka 000 0 eng d | ||
| 035 | _aOCLC ocm00459426 from D960205M | ||
| 040 |
_aDLC _cDLC _dUKM _dEQO |
||
| 041 | 1 | _aengger | |
| 050 | 0 |
_aNK6405 _b.K813 |
|
| 082 |
_a730/.924 _bGIL 1968 |
||
| 100 | 1 |
_aKühn, Fritz, _d1910-1967. |
|
| 245 | 1 | 0 |
_aDecorative work in wrought iron and other metals / _ctranslated [from the German] by Gillian Brett |
| 260 |
_aLondon : _bHarrap, _c1967 [i.e. 1968] |
||
| 300 |
_a152 p. _b225 illus. _c28 cm |
||
| 650 | 0 | _aArt metal-work | |
| 650 | 0 | _aWrought-iron | |
| 650 | 0 | _aDecoration and ornament | |
| 942 |
_2ddc _cREF |
||